| 000 | 00897cam a22002655a 4500 | ||
|---|---|---|---|
| 001 | 016281076 | ||
| 003 | OSt | ||
| 005 | 20150813133551.0 | ||
| 008 | 130128t2013 si a frb 001 0 eng d | ||
| 020 | _a9789814364850 (hbk.) | ||
| 020 | _a9789814364867 (ebook) | ||
| 040 |
_aStDuBDS _beng _cStDuBDS _dEG-ScBUE |
||
| 082 | 0 | 4 |
_a620.115 _222 _bSAF |
| 245 | 0 | 0 |
_aSafety aspects of engineered nanomaterials / _cedited by Wolfgang Luther, Axel Zweck. |
| 260 |
_aSingapore : _bPan Stanford Publishing, _cc.2013. |
||
| 300 |
_axvi, 382 p. : _bill. ; _c23 cm. |
||
| 500 | _aIndex : p. 377-382. | ||
| 504 | _aIncludes bibliographical references. | ||
| 650 | 0 |
_aNanostructured materials _xSafety measures. _2BUEsh |
|
| 653 |
_bENGGEN _cJune2015 |
||
| 655 |
_vreading book _934232 |
||
| 700 | 1 |
_aLuther, Wolfgang, _eeditor of compilation. |
|
| 700 | 1 |
_aZweck, Axel, _eeditor of compilation. |
|
| 942 | _2ddc | ||
| 999 |
_c19567 _d19539 |
||